000 00240nam a2200121 i 4500
001 bg
245 0 _aMechanika.
260 _aLublin,
_c1989.
040 _cBPK
041 _apol
942 _cKS
008 s pl f |000 0 pol
999 _c29150
_d29150
856 _uhttp://koha.tu.koszalin.pl/cgi-bin/koha/opac-detail.pl?biblionumber=29150
_yKatalog online BPK